|
|
|
|
| LEADER |
00886nam a2200289 a 4500 |
| 001 |
000014955 |
| 003 |
CZ BrMZK |
| 005 |
20231122144258.0 |
| 007 |
ta |
| 008 |
950101s1994 xr f 000 0 cze d |
| 020 |
|
|
|a 80-7170-162-9
|
| 040 |
|
|
|a BOA001
|b cze
|
| 041 |
1 |
|
|a cze
|h eng
|
| 080 |
|
|
|a 82-312.5=850
|2 MRF
|
| 100 |
1 |
|
|a Small, Lass,
|d 1923-2011
|7 jn20001103687
|4 aut
|
| 245 |
1 |
0 |
|a Silvestrovský večírek /
|c Lass Smallová ; překl. Iva Gráfová
|
| 260 |
|
|
|a Praha :
|b Harlequin,
|c 1994
|
| 300 |
|
|
|a 155 s.
|
| 490 |
1 |
|
|a Desire ;
|v 108 (N 12/94)
|
| 500 |
|
|
|a Přeloženo z angličtiny
|
| 700 |
1 |
|
|a Gráfová, Iva
|7 mzk2014840814
|4 trl
|
| 765 |
0 |
|
|t New Year
|9 Česky
|
| 830 |
|
0 |
|a Desire (Harlequin)
|0 s
|
| 910 |
|
|
|a BOA001
|b 1-0997.166
|
| 962 |
|
|
|a 82-31
|
| 990 |
|
|
|a BK
|
| 996 |
6 |
|
|b 2610015580
|c 1-0997.166
|l MZK
|r Sklad / do 1 hodiny
|n 14
|p p.v.
|w 000014955
|u 000010
|a 1
|e BOA001
|j MZK50
|s P
|